Quizzes
Events
Quiz Creation
Community
Videos
Private Events
Remove Ads
Sign In
Join for FREE
Feedback
Dark Mode
Quiz Categories
Sports
Geography
Music
Movies
Television
Just For Fun
Miscellaneous
History
Literature
Language
Science
Gaming
Entertainment
Religion
Holiday
For Kids
Quiz Lab
Recent
Popular Today
Quiz Kudos Today
Editor Picks
Curator Picks
Quizzes by...
Day
Popularity
Type
Ratings
Length
Year
Community
Subscriptions
Recent Discussions
Orange Saloon
Badges
Playlists
Quests
Create
Leaderboards
Showdown
Live 5
Trivia Bingo
Activity
Puzzle Library
Sporcle Events
Private Events
Virtual Trivia
Globe League
Become a Host
Pub Owners
SporcleCon
Opinionation
Our Games
Videos
Blog
Mobile Apps
Partnerships
Remove Ads and Go Orange
Feedback
Geography
Country
Landmarks
City
State
Population
World
Capital
Continent
Flags
Europe
Africa
Asia
South America
North America
Oceania
Border
Canada
United Kingdom
Topography
United States
Geography
Country
Landmarks
City
State
Population
World
Capital
Continent
Flags
Europe
Africa
Asia
South America
North America
Oceania
Border
Canada
United Kingdom
Topography
United States
Random Quiz
Search Sporcle
×
Quiz Lab
Quiz Lab
Geography
North America
Type in answers that appear in a list
Type in answers that appear in a list
Classic
Best Score? Go Orange.
'G' in the Americas Stats
Can you name the things beginning with 'G' in the Americas?
By
groovynewborn
5m
20 Questions
138 Plays
138 Plays
138 Plays
Comments
Comments
Give Quiz Kudos
Give Quiz Kudos
-
- Ratings
hide this ad
More Info
Replay
Link that replays current quiz
Next Quiz
Link to next quiz in quiz playlist
You Got
0%
They Got
Avg Score
67%
Avg Friend Score
Upgrade to see
Score Distribution
Jump to the score distribution portion of the page
Score
0/20
Timer
05:00
0
Plays Today
Hint
Answer
% Correct
This country gained its independence from the United Kingdom in 1966, the only South American country to do so.
Guyana
97.1%
This country once formed the core of the Maya civilization, but in the 1950s fell into the chaos of 'banana republic' due to the role of USA's United Fruit Company in its politics.
Guatemala
94.9%
A steep-
sided geographical feature carved by the Colorado River in Arizona and considered as a holy site by the native Pueblo people
Grand Canyon
92.8%
An autonomous country of Denmark and island natively known as Kalaallit Nunaat. The world's largest national park is located here.
Greenland
92%
The second most populous metropolitan area in Mexico, behind Mexico City.
Guadalajara
91.3%
An archipelago of volcanic islands with a vast number of endemic species located in the Pacific to the west of Ecuador.
Galapagos Islands
87.7%
This geographical feature denotes a body of dense ice that is constantly moving under its own weight. It is the name of national park both in Montana, USA and British Columbia, Can
Glacier
83.3%
An enclave of USA in Cuba containing the oldest overseas American Navy base in the world and most notorious for being a detention camp established by the Bush administration.
Guantánamo Bay
81.9%
The host of 2002 Winter Olympics is located nearby this hypersaline body of water in Utah.
Great Salt Lake
81.2%
The second-
largest city in Michigan, hometown of former US President Gerald Ford and location of his presidential museum and resting place
Grand Rapids
72.5%
Hint
Answer
% Correct
The beating commercial heart of Ecuador, its most important port and most populous city.
Guayaquil
71.7%
An island chain that is shared by two countries: St.Vincent and the Grenadines and Grenada.
Grenadine Islands
65.2%
The largest lake in the Northwest Territories of Canada and the fourth largest in North America.
Great Bear Lake
61.6%
An overseas department of France in the Caribbean whose capital is Basse-
Terre.
Guadeloupe
60.9%
The second largest city (by population) of all the British Overseas Territories, the centre of the Caymanian financial service industries, and its capital.
George Town
58.7%
Deepest lake in North America and second largest lake entirely in Canada.
Great Slave Lake
58%
A planned city founded in 1933 to be the capital and largest city of the state of Goias, Brazil.
Goiânia
37%
The only Mexican state named after a president. Its largest city is Acapulco and its capital Chilpancingo.
Guerrero
36.2%
This giant, 108m deep, submarine sinkhole off the coast of Belize was made famous by Jacques Cousteau, who declared it one of the top ten scuba diving sites in the world.
Great Blue Hole
26.1%
Greenland's highest mountain and also the highest mountain north of the Arctic circle.
Gunnbjørn Fjeld
7.2%
Quiz Playlist
Details
Report
Send in Message
Add To Playlist
More Info:
The Americas would include North, Central, and South Americas as well as the Caribbean.
Classic:
Type in answers that appear in a list
Last Updated: Feb 16, 2017
Quiz Scoreboard
CHALLENGE
Sign Up to Join the Scoreboard
Show All
Scores
Hide
Comments
May contain spoilers
Recently Published
Billboard Blitz: Fleetwood Mac
by CooCooCachoo
Music
15s
Presidents Visiting Landmarks
by Hejman
History
7m
An Introduction to Baseball
by treessimontrees
Sports
5m
More to Explore
Quiz From the Vault
Featured Blog Post
Where Did the Easter Bunny Come From?
hide this ad
You Might Also Like...
Tags
North America Quiz
South America Quiz
America
caribbean
Central America
Latin America
Today's Top Quizzes in Geography
Browse Geography
hide this ad
Today's Top Quizzes in North America
Browse North America
Top Contributed Quizzes in Geography
1
Countries of the World - No Outlines Minefield
2
Top 25 Cities of France on a map
3
Any capital of a 'B' country per Continent
4
Any capital of a 'C' country per Continent
5
Closest Countries to UK A-Z
6
Any capital of a 'D' country per Continent
7
5-to-1: US Geography No Hints
8
One Thing in Common: United Kingdom
9
Any capital of an 'E' country per Continent
10
Any capital of an 'F' country per Continent
Explore More
Trending Topics
Anime
Marvel
NBA
Crossword
Harry Potter
Kpop
Disney
The Office
Puzzle
WWE
Soccer
Pokémon
Country
Song
NFL
hide this ad
More By:
groovynewborn
Quiz
Plays
Rating
Category
Featured
Created
World War II Figures on Postage Stamps
1,383
4.94
History
Jun 17, 2020
Aviation Crossword
1,113
5.00
Miscellaneous
Jun 5, 2020
Islamic (Sunni) Religious Holidays (in order)
1,048
3.50
Religion
Jun 6, 2020
Explorers on a Crossword (II)
943
4.67
History
Jun 2, 2020
USA's 10 largest lakes in order
727
Geography
May 30, 2020
Go to Creator's Profile
Score Distribution
Quiz Creator Spotlight
groovynewborn
Follow
Send a Message
Quizzes Created
-
Created Quiz Play Count
-
More By This Creator
Popular Quizzes Today
1
Find the US States - No Outlines Minefield
2
Find the Countries of Europe - No Outlines Minefield
3
The Countries of the World
4
Find the US States
5
US States
6
Risky Map Clicking: Biggest States A-Z
7
Popular People in 1961
8
Movies - When Are They Set?
More Geography Quizzes
USA States by Any 2 Letters Blitz (no A, E, or I)
Quiz Lab
Trending Quizzes
Risky Map Clicking: Least Populous States A-Z
1-10 Letter G Words
1-10 Letter F Words
Risky Map Clicking: Next State Alphabetically
Risky Map Clicking: Biggest States A-Z
Recently Updated
Leaping Animals
pecheneg
Reality TV Shows (A-Z)
bhenderson79
Rickey Henderson's Hall of Fame Teammates
pecheneg
Champions League XIs: Arsenal
pecheneg
Quick Pick: Celebrities in WWE's Hall of Fame
aduchscher
A-Z Keypad Blitz II
pecheneg
Multiple Oscar Actors
pecheneg
Mystery Phrase Blitz: Oscar 'Best Actors'
pecheneg
F. Scott Fitzgerald Novels
LTH
Pick 3 Villains
ddd62291
Trending Topics
Disney
Harry Potter
Crossword
NBA
Anime
Marvel
Kpop
Song
The Office
Soccer
WWE
Pokémon
Puzzle
Country
NFL
Your Account Isn't Verified!
In order to create a playlist on Sporcle, you need to verify the email address you used during registration. Go to your
Sporcle Settings
to finish the process.
Report this User
Report this user for behavior that violates our
Community Guidelines
.
Details:
Send Report
Go to the Sporcle.com Mobile Site →
Comments